Wetlands. / (Record no. 112366)
[ view plain ]
| 000 -LEADER | |
|---|---|
| fixed length control field | 00605nam a2200169 a 4500 |
| 001 - CONTROL NUMBER | |
| control field | 4140 |
| 005 - DATE AND TIME OF LATEST TRANSACTION | |
| control field | 20140414131934.0 |
| 008 - FIXED-LENGTH DATA ELEMENTS--GENERAL INFORMATION | |
| fixed length control field | 090218s19uu xx 00 eng d |
| 050 ## - LIBRARY OF CONGRESS CALL NUMBER | |
| Classification number | REF 577.68 |
| Item number | B38 2005 |
| 100 ## - MAIN ENTRY--PERSONAL NAME | |
| Personal name | Beatty, Richard |
| 245 ## - TITLE STATEMENT | |
| Title | Wetlands. / |
| Statement of responsibility, etc | Richard Beatty. |
| 260 ## - PUBLICATION, DISTRIBUTION, ETC. (IMPRINT) | |
| Place of publication, distribution, etc | Austin, TX : |
| Name of publisher, distributor, etc | Raintree Steck-Vaughn, |
| Date of publication, distribution, etc | c2002. |
| 440 ## - SERIES STATEMENT/ADDED ENTRY--TITLE | |
| Title | Biomes atlases |
| 520 ## - SUMMARY, ETC. | |
| Summary, etc | A comprehensive look at the wetlands biome, examining its climate, plants, animals, people, and future, plus detailed views of some famous or important wetlands locations. |
| 650 ## - SUBJECT ADDED ENTRY--TOPICAL TERM | |
| Topical term or geographic name as entry element | Wetland ecology. |
| Withdrawn status | Lost status | Damaged status | Use restrictions | Home library | Current library | Shelving location | Date acquired | Source of acquisition | Total Checkouts | Full call number | Barcode | Date last seen | Price effective from | Koha item type |
|---|---|---|---|---|---|---|---|---|---|---|---|---|---|---|
| Munich Library | Munich Library | Reference Section | 02/18/2009 | REF 577.68 B38 2005 | M3653 | 04/14/2014 | 04/14/2014 | Books |